| 000 | 01689nam0a2200325 i 4500 | ||
|---|---|---|---|
| 001 | RU\NLR\BIBL_A\011098507 | ||
| 005 | 20241103090310.0 | ||
| 010 |
_a9785898224233 _9500 |
||
| 021 |
_aRU _b2016-20839 _91320 |
||
| 035 | _a(NLR Aleph) 011098507 | ||
| 090 |
_a11406716 _c11406716 |
||
| 100 | _a20160407d2015 k y0rusy50 ca | ||
| 101 | 0 | _arus | |
| 102 | _aRU | ||
| 105 | _aa|||z|||000yy | ||
| 200 | 1 |
_aДиагностика и лечение пациентов с несоответствием размеров постоянных зубов параметрам зубочелюстных дуг _fД. А. Доменюк, Д. С. Дмитриенко, А. А. Коробкеев, Э. Г. Ведешина _gГос. бюджет. образоват. учреждение высш. проф. образования "Ставропол. гос. мед. ун-т" М-ва здравоохранения Рос. Федерации |
|
| 210 |
_aСтаврополь _cИзд-во СтГМУ _d2015 |
||
| 215 |
_a270 с. _cил., цв. ил. _d21 |
||
| 320 | _aБиблиогр.: с. 242-270 (356 назв.) | ||
| 606 |
_aЗубочелюстные аномалии _92245811 _3RU\NLR\AUTH\6601578372 |
||
| 675 | _a616.3 | ||
| 686 | 1 | _aР665.605.0 | |
| 701 | 1 |
_aДоменюк _bД. А. _gДмитрий Анатольевич |
|
| 701 | 1 |
_aДмитриенко _bД. С. _gДмитрий Сергеевич |
|
| 701 | 1 |
_aКоробкеев _bА. А. _gАлександр Анатольевич _9160400 _3RU\NLR\AUTH\770160442 |
|
| 701 | 1 |
_aВедешина _bЭ.Г. _gЭрнесса Григорьевна |
|
| 942 | _cBOOK | ||
| 980 | _aNBR | ||